Política, sociología y teoría social : reflexiones sobre el pensamiento social clásico y contemporáneo /

No es la crisis del capitalismo como modo racional de administración económica lo que ha terminado dominando nuestra era. Se tata mas bien de la crisis ecológica, crisis que ha dado lugar a la matoria de las tensiones de la actualidad y que también han abierto la mayoría de las posibilidades futuras...

Full description

Bibliographic Details
Main Author: Giddens, Anthony
Format: Libro
Language:English
Published: Barcelona, España Paidós 1997
Series:Paidós estado y sociedad 52
Subjects:
Online Access:

MARC

LEADER 00000cam a2200000 a 4500
001 006773
003 UAHC_CL
005 20170803120301.0
008 051108b xx j 000 1 eng
020 |a 8449304490 
040 |a UAHC_CL  |c UAHC_CL  |d UAHC_CL 
100 1 |a Giddens, Anthony 
245 1 0 |a Política, sociología y teoría social :  |b reflexiones sobre el pensamiento social clásico y contemporáneo /  |c Anthony Giddens. 
260 |b Paidós  |a Barcelona, España  |c 1997 
300 |a 300 p. 
490 0 |a Paidós estado y sociedad  |v 52 
505 0 |a Política y sociología en el pensamiento de Max Weber -- Marx, Weber y el desarrollo del capitalismo -- La sociología política de Durkheim -- Durkheim y la cuestion del individualismo -- Comte, Popper y el positivismo -- El poder en los escritos de Talcott Parsons -- El gurú incierto: una relectura de Marcuse -- Garfinkel, etnometodología y hermenéutica -- Trabajo e interacción en Habermas -- Foucault, Nietzsche y Marx. 
520 |a No es la crisis del capitalismo como modo racional de administración económica lo que ha terminado dominando nuestra era. Se tata mas bien de la crisis ecológica, crisis que ha dado lugar a la matoria de las tensiones de la actualidad y que también han abierto la mayoría de las posibilidades futuras. La crisis econógica es la crisis de una modernidad herida. No hay duda de que la modernidad está bordeando sus límites. Pero estos límites no se refieren solamente o principalemtes a los límites físicos del crecimiento. 
650 4 |a CIENCIAS POLITICAS 
650 4 |a SOCIOLOGIA POLITICA 
650 4 |a PODER (CIENCIAS SOCIALES) 
650 4 |a SOCIOLOGIA 
900 |a 316.32 GID 
942 |c BK 
952 |0 0  |1 0  |4 0  |6 316_320000000000000_GID  |7 0  |8 General  |9 14781  |a BC  |b BC  |c General  |d 2017-08-03  |l 2  |m 3  |o 316.32 GID  |p 1350777  |r 2026-01-13 00:00:00  |s 2017-10-23  |t 1  |w 2017-08-03  |y BK 
999 |c 6773  |d 6773